000 00484nmm a2200157Ia 4500
008 251105s9999||||xx |||||||||||||||||und||
020 _a9789580610953
041 _aspa
100 _aRestrepo de Delgado, Blanca
245 0 _aReminiscencias de San Vicente de Chucurí
264 _a[Bogotá, Colombia] :
_bOveja Negra,
_c2007
300 _a47 páginas
650 _aHistory of the Americas: Latin America
856 _uhttps://public.digitaliapublishing.com/a/30181
942 _cCF
999 _c94799
_d94799